000 00825nam a2200265Ia 4500
003 OSt
005 20220927105257.0
006 a|||||r|||| 00| 0
007 ta
008 220926b |||||||| |||| 00| 0 eng d
020 _a9173530638
024 _a147941
037 _cReference Collections
040 _aRTL
_cRTL
_beng
041 _2eng
_aeng
082 _a"V1N45:3.N61<--N53, P5"
100 _aHammarskjold Dag
_9371403
245 0 _aTo speak for the world. Ed by Kai Falkman
260 _aStockholm
_bAtlantis
_c2005
300 _a254p
_ccm.
490 _a"Speeches and Statements by Dag Hammarskjold, Secretary-General of the United Nations 1953-1961"
650 _aSociology
942 _h"V1N45:3.N61<--N53, P5"
_cCC
999 _c691602
_d691602